000 00587nam a22002297a 4500
003 UA-OsUOA
001 96594
007 ta
008 20130320b un ||||| |||| 00| 0 ukr d
100 _aЛурье Н.
090 _a821.411.16
_bЛ86
942 _cBK
040 _aUA-OsUOA
_brus
_cUA-OsUOA
_dUA-OsUOA
245 _aСтепь зовет
_bроман
300 _a344 с.
955 _a4
041 _arus
080 _a821.411.16
260 _aОдесса
_bМаяк
_c1984
650 7 _a82 Література. Літературознавство
_2UDC
999 _c382844
_d382844